Stephen R. Covey

Stephen R. Covey - autor niekoľkých slávnych kníh o manažmente. Učenie o novom vedení ľudí. Vnímanie pracovníkov ako osobností. Knihy o tom, ako dosiahnuť úspech a stať sa výnimočným. Sedem návykov skutočne efektívnych ľudí. Univerzálne princípy.

Salvato in:
Dettagli Bibliografici
Autore principale: Sochor, Václav
Natura: Capitolo di libro
Lingua:ceco
Soggetti:
Tags: Aggiungi Tag
Nessun Tag, puoi essere il primo ad aggiungerne!!

MARC

LEADER 00000naa$a2200000$$$4500
001 0080349
005 20231018131215.2
041 0 |a cze 
044 |a CZ 
245 1 0 |a Stephen R. Covey  |c Václav Sochor 
520 |a Stephen R. Covey - autor niekoľkých slávnych kníh o manažmente. Učenie o novom vedení ľudí. Vnímanie pracovníkov ako osobností. Knihy o tom, ako dosiahnuť úspech a stať sa výnimočným. Sedem návykov skutočne efektívnych ľudí. Univerzálne princípy. 
610 2 0 |a manažment 
610 2 0 |a manažéri 
610 2 0 |a vedenie ľudí 
610 2 0 |a vedenie podniku 
610 2 0 |a tímy pracovné 
610 2 0 |a pracovníci 
610 2 0 |a lídri 
100 1 |a Sochor, Václav